Welcome to the Holygrace Academy Library

Please use search bar below to get started

PETER PAN (Record no. 5360)

MARC details
000 -LEADER
fixed length control field 00345nam a22001457a 4500
020 ## - INTERNATIONAL STANDARD BOOK NUMBER
ISBN 81-88370-06-1
082 ## - DEWEY DECIMAL CLASSIFICATION NUMBER
Classification number 823
Item number YOU/P
100 ## - MAIN ENTRY--AUTHOR NAME
Personal name YPUNG LEARNER'S
245 ## - TITLE STATEMENT
Title PETER PAN
260 ## - PUBLICATION, DISTRIBUTION, ETC. (IMPRINT)
Place of publication NEW DELHI
Name of publisher YOUNG LEARNERS PUBLICATIONS
300 ## - PHYSICAL DESCRIPTION
Number of Pages 16
520 ## - SUMMARY, ETC.
Summary, etc ENGLISH SHORT STORY
650 ## - SUBJECT ADDED ENTRY--TOPICAL TERM
Topical Term ENGLISH SHORT STORY
Geographic subdivision NEW DELHI
942 ## - ADDED ENTRY ELEMENTS (KOHA)
Koha item type Books
Holdings
Withdrawn status Lost status Collection code Home library Current library Shelving location Date acquired Source of acquisition Cost, normal purchase price Full call number Accession Number Koha item type
    Fiction Main Library Main Library SHELF 3- I- ENGLISH CHILDRENS LITERATURE &MYTHOLOGY 17/04/2013 PURCHASE 40.00 823 YOU/P 06505 Books